000 00289nam a22001337a 4500
008 170214b xxu||||| |||| 00| 0 eng d
020 _a0397515863
041 _aeng
080 _a61
100 _a4
101 _ashm
245 _aANTIBIOTIC THERAPY UROLOGY
_cMULBOLLAND
942 _2udc
_cBK
999 _c5376
_d5376